Entrada Término temático
Número de registros utilizados en: 1
001 - NÚMERO DE CONTROL
003 - IDENTIFICADOR DEL NÚMERO DE CONTROL
- campo de control:
DR-UNIBE
005 - FECHA Y HORA DE LA ÚLTIMA TRANSACCIÓN
- campo de control:
20260507152435.0
008 - DATOS DE LONGITUD FIJA
- campo de control de longitud fija:
260507|| aca||aabn | a|a d
040 ## - FUENTE DE LA CATALOGACIÓN
- Centro catalogador/agencia de origen:
DR-UNIBE
- Centro/agencia transcriptor:
DR-UNIBE
650 ## -
- :
Registro de la propiedad
- :
Legislación
- :
República Dominicana
670 ## - FUENTE DE DATOS ENCONTRADOS
- Cita de la fuente:
Work cat.: (DR-UNIBE)407: Bonilla Atíles, J. A., (Bonilla Atíles, José Antonio), 1898-1989 autor 127507, Legislación de tierras dominicanas : , 1974